Quizzes
Events
Quiz Creation
Community
Videos
Private Events
Remove Ads
Sign In
Join for FREE
Feedback
Dark Mode
Quiz Categories
Sports
Geography
Music
Movies
Television
Just For Fun
Miscellaneous
History
Literature
Language
Science
Gaming
Entertainment
Religion
Holiday
For Kids
Quiz Lab
Recent
Popular Today
Quiz Kudos Today
Editor Picks
Curator Picks
Quizzes by...
Day
Popularity
Type
Ratings
Length
Year
Community
Subscriptions
Recent Discussions
Orange Saloon
Badges
Playlists
Quests
Create
Leaderboards
Showdown
Live 5
Trivia Bingo
Activity
Puzzle Library
Sporcle Events
Private Events
Virtual Trivia
Globe League
Become a Host
Pub Owners
SporcleCon
Opinionation
Our Games
Videos
Blog
Mobile Apps
Partnerships
Remove Ads and Go Orange
Feedback
Language
Vocabulary
Begins and Ends
Definition
Spanish
French
German
Italian
Chinese
Latin
Translation
Japanese
Language
Vocabulary
Begins and Ends
Definition
Spanish
French
German
Italian
Chinese
Latin
Translation
Japanese
Random Quiz
Search Sporcle
×
Quiz Lab
Quiz Lab
Language
Nintendo
Type in answers that appear in a list
Type in answers that appear in a list
Classic
Best Score? Go Orange.
Verbos con Preposiciones Stats
Can you name the verbos normalmente seguidos por sustantivo o infinitivo?
By
matteafalk
15m
23 Questions
37 Plays
37 Plays
37 Plays
Comments
Comments
Give Quiz Kudos
Give Quiz Kudos
-
- Ratings
hide this ad
Replay
Link that replays current quiz
Next Quiz
Link to next quiz in quiz playlist
You Got
0%
They Got
Avg Score
80%
Avg Friend Score
Upgrade to see
Score Distribution
Jump to the score distribution portion of the page
Score
0/23
Timer
15:00
0
Plays Today
% Correct
de
100%
de
100%
de
100%
de
100%
de
100%
de
100%
en
94.6%
con
94.6%
en
94.6%
por
89.2%
por
89.2%
a
64.9%
% Correct
a
64.9%
a
64.9%
a
64.9%
a
64.9%
a
64.9%
a
64.9%
a
64.9%
a
64.9%
a
64.9%
a
64.9%
a
64.9%
Quiz Playlist
Details
Report
Send in Message
Add To Playlist
Classic:
Type in answers that appear in a list
Last Updated: Feb 16, 2017
Quiz Scoreboard
CHALLENGE
Sign Up to Join the Scoreboard
Show All
Scores
Hide
Comments
May contain spoilers
Recently Published
Decade Duel: World Leaders
by jenniferyan
History
4m
Alphabetical 'K' Countries by Flag Minefield
by ylime102
Geography
3m
Pick 6: Fruits
by JohnFran
Miscellaneous
15s
More to Explore
Quiz From the Vault
Featured Blog Post
15 Basketball Trivia Facts You Can Be March Mad About
hide this ad
You Might Also Like...
Tags
Nintendo Quiz
con
Infinitive
por
preposition
Verb
Today's Top Quizzes in Language
Browse Language
hide this ad
Today's Top Quizzes in Nintendo
Browse Nintendo
Top Contributed Quizzes in Language
1
Spring or Fall
2
Spanish Seasons
3
Multilingual Seasons
4
Seasonal Rhymes
5
Name the 4 Seasons in English
6
Einsilbige Reime auf Chips
7
Spring or Fall?
8
Quick Pick: Prefixes for Spring
9
CWLC 7 Spanish School 2022
10
Quick Pick: Seasons in Esperanto
Explore More
Trending Topics
Kpop
Marvel
NBA
Harry Potter
Anime
Crossword
Disney
Soccer
Song
Country
Puzzle
NFL
WWE
Pokémon
The Office
hide this ad
More By:
matteafalk
Quiz
Plays
Rating
Category
Featured
Created
Verbos con Preposiciones
37
Language
Dec 14, 2011
Past Partciples
15
Language
Dec 13, 2011
Capitolo 5
9
Language
Dec 13, 2011
Capitolo 1
9
Language
Dec 11, 2011
Capitolo 6
7
Language
Dec 13, 2011
Go to Creator's Profile
Score Distribution
Quiz Creator Spotlight
matteafalk
Follow
Send a Message
Quizzes Created
-
Created Quiz Play Count
-
More By This Creator
Popular Quizzes Today
1
Countries of Asia Without Outlines Minefield
2
Find the US States - No Outlines Minefield
3
Pick 6: Fruits
4
Alphabetical 'K' Countries by Flag Minefield
5
The Countries of the World
6
Find the Countries of Europe - No Outlines Minefield
7
Find the US States
8
US States
More Language Quizzes
Words Beginning and Ending with 'W'
Editor's Pick
Trending Quizzes
Pick 6: Mountains
Pick 6: Harry Potter
Pick 6: Flags
Pick 6: NFL Teams
Pick 6: Movie Franchises
Recently Updated
Adaptations: Name the Title
pecheneg
NWSL Teams
pecheneg
Women's Final Four Teams by Year
bhenderson79
Presidents Quartet II
eogle
Anything But Clue(do)
eogle
Anything But Oceanian Capitals
eogle
Anything But 7
eogle
Anything But Thing
eogle
Word Ladder: February 29
pecheneg
Song Title Questions
pecheneg
Trending Topics
Crossword
NBA
Kpop
Harry Potter
Disney
Marvel
Anime
Soccer
The Office
Puzzle
Pokémon
Country
NFL
Song
WWE
Your Account Isn't Verified!
In order to create a playlist on Sporcle, you need to verify the email address you used during registration. Go to your
Sporcle Settings
to finish the process.
Report this User
Report this user for behavior that violates our
Community Guidelines
.
Details:
Send Report
Go to the Sporcle.com Mobile Site →
Comments